000 00403nam a2200181Ia 4500
008 210210b1906 xxu||||| |||| 00| 0 eng d
041 _aeng
082 _a829/189
100 _aCOOPER (J F)
245 _aLast of the mohicans
260 _aLondon
_bBlackie & son
_c1906
650 _athe
650 _aof
650 _amohicans
650 _aLast
690 _aEnglish Fiction
906 _a016796
999 _c136492
_d136492